[Event "HUN-chT2 Erkel 1213"]
[Site "Hungary"]
[Date "2013.03.24"]
[Round "9.3"]
[White "Torok, Adam"]
[Black "Simon, Lenard"]
[Result "1/2-1/2"]
[WhiteElo "2124"]
[BlackElo "2029"]
[PlyCount "56"]
[EventDate "2012.09.16"]
[EventType "team-tourn"]
[EventRounds "11"]
[EventCountry "HUN"]
[SourceTitle "EXT 2014"]
[Source "ChessBase"]
[SourceDate "2013.11.20"]
[SourceVersion "1"]
[SourceVersionDate "2013.11.20"]
[SourceQuality "1"]
[WhiteTeam "Vizugy"]
[BlackTeam "Nagykata"]
[WhiteTeamCountry "HUN"]
[BlackTeamCountry "HUN"]

1. e4 c5 2. Nf3 Nc6 3. Bb5 e6 4. 0-0 Nge7 5. b3 a6 6. Bxc6 Nxc6 7. Bb2 Qc7 8. Re1 d6 9. d4 cxd4 10. Nxd4 Nxd4 11. Bxd4 e5 12. Bb2 Be7 13. Nc3 Be6 14. Nd5 Bxd5 15. Qxd5 0-0 16. c4 Qc6 17. Red1 Rad8 18. Rac1 Qxd5 19. Rxd5 f5 20. exf5 Rxf5 21. Rcd1 b6 22. Ba3 Rf6 23. Bc1 Kf7 24. Be3 Rb8 25. Kf1 Ke6 26. a4 Rff8 27. Ke2 Rb7 28. f3 Rc8 1/2-1/2

[Event "Eger Osz op"]
[Site "Eger"]
[Date "2009.10.25"]
[Round "7"]
[White "Simon, Lenard"]
[Black "Vamosi, Laszlo"]
[Result "1-0"]
[WhiteElo "2007"]
[BlackElo "1980"]
[PlyCount "63"]
[EventDate "2009.10.22"]
[EventType "swiss"]
[EventRounds "7"]
[EventCountry "HUN"]
[SourceTitle "EXT 2011"]
[Source "ChessBase"]
[SourceDate "2010.11.26"]
[SourceVersion "1"]
[SourceVersionDate "2010.11.26"]
[SourceQuality "1"]

1. e4 e5 2. Nf3 Nf6 3. Nxe5 d6 4. Nf3 Nxe4 5. Nc3 d5 6. Bd3 Nf6 7. 0-0 Be7 8. h3 0-0 9. Re1 c5 10. b3 d4 11. Ne4 Nc6 12. Bb2 Nb4 13. Nxf6+ Bxf6 14. Be4 d3 15. Bxf6 dxc2 16. Bxd8 cxd1Q 17. Raxd1 Rxd8 18. a3 Na6 19. d4 Rb8 20. dxc5 Rxd1 21. Rxd1 Be6 22. b4 Nc7 23. Bxb7 g6 24. c6 Nb5 25. Ng5 Bb3 26. Rd7 h6 27. Nf3 Be6 28. c7 Nxc7 29. Rxc7 Rd8 30. Bc6 a6 31. Ra7 Bc4 32. Ra8 1-0